banner koha

Avaliacao tecnica da estrategia de vacinacao contra brucelose bovina com dose reduzida (amostra B-19) (Registro n. 135994)

MARC details
000 -LÍDER
campo de controle de tamanho fixo 01026nas a2200301 4500
001 - NÚMERO DE CONTROLE
campo de controle BR9207955
003 - IDENTIFICADOR DO NÚMERO DE CONTROLE
campo de controle BR-BrBNA
005 - DATA E HORÁRIO DA ÚLTIMA TRANSAÇÃO
campo de controle 20231205093049.0
007 - CAMPO FIXO DE DESCRIÇÃO FÍSICA--INFORMAÇÃO GERAL
campo de controle de tamanho fixo ta
008 - CAMPO DE DADOS FIXOS--INFORMAÇÃO GERAL
campo de controle de tamanho fixo 230509b bl.|||p| |||| 00| 00por d
040 ## - FONTE DA CATALOGAÇÃO
Instituição da catalogação original BR-BrBNA
Idioma da catalogação por
Instituição que transcreveu o registro Biblioteca Nacional de Agricultura
041 ## - CÓDIGO DE IDIOMA
Código do idioma do texto/trilha sonora ou título diferente (Pt)
072 ## - CÓDIGO DE CATEGORIA DE ASSUNTO
Código de Categoria de Assunto L73; L70
100 1# - ENTRADA PRINCIPAL--NOME PESSOAL
Nome pessoal Viana, F.C.
100 1# - ENTRADA PRINCIPAL--NOME PESSOAL
Nome pessoal Silva, J.A. da
100 1# - ENTRADA PRINCIPAL--NOME PESSOAL
Nome pessoal Moreira, E.C.
100 1# - ENTRADA PRINCIPAL--NOME PESSOAL
Nome pessoal Modena, C.M.
100 1# - ENTRADA PRINCIPAL--NOME PESSOAL
Nome pessoal Torres, A.M.C.
245 1# - TÍTULO
Título Avaliacao tecnica da estrategia de vacinacao contra brucelose bovina com dose reduzida (amostra B-19)
246 1# - FORMA VARIANTE DO TÍTULO
Título/título abreviado Technical and economic evaluation of the vaccination procedure against acute bovine brucellosis with reduced dosis (B-19)
650 ## - ASSUNTO--TERMO TÓPICO
Cabeçalho tópico ou nome geográfico BOVINO
650 ## - ASSUNTO--TERMO TÓPICO
Cabeçalho tópico ou nome geográfico BRUCELOSE
650 ## - ASSUNTO--TERMO TÓPICO
Cabeçalho tópico ou nome geográfico VACINA
650 ## - ASSUNTO--TERMO TÓPICO
Cabeçalho tópico ou nome geográfico IMUNIZACAO
773 0# - ENTRADA ANALÍTICA
Título Arquivo Brasileiro de Medicina Veterinaria e Zootecnia (Brazil)
ISSN - International Standard Serial Number ISSN 0102-0935
Partes relacionadas (Jun 1989), v. 41(3) p. 191-204
Número de controle do registro BR9207955
909 ## -
-- 202311
-- Lúcia
-- 55
-- Lúcia Elande
942 ## - ELEMENTOS DE ENTRADA ADICIONADOS (KOHA)
Fonte da classificação ou esquema de arquivamento na estante Classificação AGRIS
Ocultar no OPAC Não
Tipo de material Koha Analítica
Exemplares
Situação do descarte Fonte da classificação ou esquema de arquivamento na estante Situação física Não pode ser emprestado Biblioteca de origem Biblioteca atual Localização na estante Enumeração do periódico / cronologia Total de empréstimos Data de último acesso Número do exemplar Tipo de material Koha Fonte de aquisição
  Classificação AGRIS   Consulta local Biblioteca Nacional de Agricultura - Binagri Biblioteca Nacional de Agricultura - Binagri   (Jun 1989), v. 41(3) p. 191-204   29/11/2023 01 Periódicos Portaria Interministerial nº 164/94

BINAGRI

Telefone: (61)3218-2567/2388/3357/2097 - binagri@agro.gov.br

Ministério da Agricultura e Pecuária , Esplanada dos Ministérios, Bloco D, Anexo B, Brasília/DF, CEP: 70.043-900